[Event "Sydney NSW op"]
[Site "Sydney"]
[Date "2025.06.08"]
[Round "5"]
[White "Wong, Yen Hsiu Elliot"]
[Black "Bayasgalan, Khishigbaatar"]
[Result "0-1"]
[WhiteElo "1993"]
[BlackElo "2258"]
[PlyCount "74"]
[EventDate "2025.06.06"]
[EventType "swiss"]
[EventRounds "7"]
[EventCountry "AUS"]
[SourceTitle "CB24_2025"]
[SourceDate "2025.06.11"]
[SourceVersion "1"]
[SourceVersionDate "2025.06.11"]
[SourceQuality "1"]

1. d4 e6 2. c4 b6 3. Nf3 Bb7 4. Nc3 f5 5. Bf4 Nf6 6. e3 Be7 7. Bd3 0-0 8. 0-0 d6 9. b4 Qe8 10. Bg3 Nh5 11. e4 f4 12. Bh4 Bxh4 13. Nxh4 Nc6 14. Nb5 Rc8 15. d5 Nxb4 16. Be2 Nf6 17. Nxa7 Ra8 18. Nb5 Qe7 19. Bg4 e5 20. Be6+ Kh8 21. Rb1 Na6 22. Rb3 Bc8 23. Rh3 Qe8 24. Bxc8 Rxc8 25. Na7 Ra8 26. Nc6 Kg8 27. Nf5 Rf7 28. Qc2 Nb8 29. Nxb8 Qxb8 30. Rb1 Qa7 31. a3 Qa4 32. Rhb3 b5 33. f3 bxc4 34. Rb8+ Rf8 35. Rxf8+ Kxf8 36. Rb8+ Kf7 37. Qb1 Qa7+ 0-1

[Event "Asia-ch (Women)"]
[Site "Al Ain"]
[Date "2025.05.11"]
[Round "5"]
[White "Bayasgalan, Khishigbaatar"]
[Black "Nandhidhaa, PV."]
[Result "0-1"]
[WhiteElo "2265"]
[BlackElo "2363"]
[PlyCount "84"]
[EventDate "2025.05.07"]
[EventType "swiss"]
[EventRounds "9"]
[EventCountry "UAE"]
[SourceTitle "CB21_2025"]
[SourceDate "2025.05.21"]
[SourceVersion "1"]
[SourceVersionDate "2025.05.21"]
[SourceQuality "1"]

1. e4 e6 2. d4 d5 3. Bd3 dxe4 4. Bxe4 Nf6 5. Bf3 c5 6. Ne2 Nc6 7. Be3 cxd4 8. Nxd4 Ne5 9. 0-0 Be7 10. Nb5 Bd7 11. N1c3 0-0 12. Nd4 Qc8 13. Bf4 Nxf3+ 14. Qxf3 a6 15. Rfe1 Re8 16. Be5 b5 17. a3 Rd8 18. Qg3 Ne8 19. Ne4 f6 20. Bf4 e5 21. Bxe5 fxe5 22. Qxe5 Bf6 23. Qd5+ Kh8 24. Qf7 Qc4 25. Qf8+ Qg8 26. Qc5 Bxd4 27. Qxd4 Bc6 28. Qc3 Bxe4 29. Rxe4 Nf6 30. Re2 Rac8 31. Qa5 Qc4 32. Rae1 Rd1 33. Rxd1 Qxe2 34. Re1 Qxc2 35. Qxa6 Ne4 36. Qb6 Qxb2 37. h3 Nf6 38. a4 Qc3 39. Re7 bxa4 40. Qa7 Qa1+ 41. Kh2 Rg8 42. g3 Qf1 0-1

[Event "Asia-ch (Women) Blitz"]
[Site "Al Ain"]
[Date "2025.05.10"]
[Round "3"]
[White "Lagno, Kateryna"]
[Black "Bayasgalan, Khishigbaatar"]
[Result "0-1"]
[WhiteElo "2516"]
[BlackElo "2265"]
[PlyCount "98"]
[EventDate "2025.05.10"]
[EventType "swiss (blitz)"]
[EventRounds "9"]
[EventCountry "UAE"]
[SourceTitle "CB20_2025"]
[SourceDate "2025.05.14"]
[SourceVersion "1"]
[SourceVersionDate "2025.05.14"]
[SourceQuality "1"]

1. e4 c5 2. Nc3 d6 3. Bb5+ Bd7 4. Bxd7+ Qxd7 5. d4 cxd4 6. Qxd4 Nc6 7. Qd3 g6 8. Nf3 Bg7 9. 0-0 Nf6 10. Nd5 Ng4 11. h3 Nge5 12. Nxe5 Nxe5 13. Qg3 0-0 14. Qh4 Rae8 15. f4 Nc4 16. f5 f6 17. Qg3 g5 18. h4 h6 19. hxg5 fxg5 20. Qb3 b5 21. a4 a6 22. axb5 axb5 23. Be3 Qc6 24. c3 Kh8 25. Qd1 Nxe3 26. Nxe3 Qxe4 27. Nd5 Rxf5 28. Re1 Qc4 29. Ne3 Qc5 30. Kh1 Re5 31. Qd3 Rf8 32. Ng4 Rxe1+ 33. Rxe1 h5 34. Nh2 Qf5 35. Qxf5 Rxf5 36. Rxe7 g4 37. Re1 Rf2 38. g3 Rxb2 39. Rd1 Bxc3 40. Rd5 Be5 41. Nf1 Rb1 42. Kg2 Rb2+ 43. Kg1 b4 44. Ne3 Re2 45. Nc4 b3 46. Kf1 b2 47. Rb5 Rc2 48. Na3 Rc1+ 49. Ke2 Ra1 0-1

[Event "Asia-ch (Women)"]
[Site "Al Ain"]
[Date "2025.05.10"]
[Round "4"]
[White "Pham, Le Thao Nguyen"]
[Black "Bayasgalan, Khishigbaatar"]
[Result "1/2-1/2"]
[WhiteElo "2388"]
[BlackElo "2265"]
[PlyCount "83"]
[EventDate "2025.05.07"]
[EventType "swiss"]
[EventRounds "9"]
[EventCountry "UAE"]
[SourceTitle "CB21_2025"]
[SourceDate "2025.05.21"]
[SourceVersion "1"]
[SourceVersionDate "2025.05.21"]
[SourceQuality "1"]

1. d4 Nf6 2. Nf3 e6 3. Bf4 b6 4. e3 Bb7 5. Nbd2 Nh5 6. Bg3 f5 7. Bh4 Be7 8. Bxe7 Qxe7 9. Bd3 Nc6 10. c3 0-0-0 11. Qe2 g6 12. Ba6 e5 13. dxe5 Nxe5 14. a4 Rhe8 15. Bxb7+ Kxb7 16. Nxe5 Qxe5 17. a5 Nf4 18. Qf3+ d5 19. 0-0 Ne6 20. Ra4 g5 21. Rfa1 Nc5 22. R4a2 f4 23. axb6 axb6 24. Ra7+ Kc6 25. exf4 Qxf4 26. Qxf4 gxf4 27. Nf3 Ne6 28. h4 Kd6 29. R1a4 Rg8 30. Nd4 Nxd4 31. Rxd4 f3 32. g4 Rde8 33. Kh2 Re4 34. Rxe4 dxe4 35. Kg3 h5 36. g5 Rf8 37. Ra1 Ke5 38. Rd1 c6 39. Rd7 Ke6 40. Rd4 Ke5 41. Rd7 Ke6 42. Rd4 1/2-1/2

[Event "Asia-ch (Women)"]
[Site "Al Ain"]
[Date "2025.05.09"]
[Round "3"]
[White "Bayasgalan, Khishigbaatar"]
[Black "Vantika, Agrawal"]
[Result "1/2-1/2"]
[WhiteElo "2265"]
[BlackElo "2377"]
[PlyCount "120"]
[EventDate "2025.05.07"]
[EventType "swiss"]
[EventRounds "9"]
[EventCountry "UAE"]
[SourceTitle "CB21_2025"]
[SourceDate "2025.05.21"]
[SourceVersion "1"]
[SourceVersionDate "2025.05.21"]
[SourceQuality "1"]

1. e4 c5 2. Nf3 d6 3. d4 cxd4 4. Nxd4 Nf6 5. Nc3 a6 6. Be2 e5 7. Nf3 Be7 8. 0-0 0-0 9. Bg5 Be6 10. Bxf6 Bxf6 11. Nd5 Nd7 12. Qd2 Rc8 13. c4 Bxd5 14. Qxd5 Rc6 15. b3 g6 16. Rad1 Kg7 17. Ne1 Bg5 18. Nc2 Nf6 19. Qd3 b5 20. cxb5 axb5 21. Nb4 Rb6 22. g3 Qc7 23. h4 Bh6 24. g4 Qc5 25. a3 Bf4 26. g5 Ne8 27. Nd5 Rb8 28. b4 Qa7 29. Qc3 f6 30. Nxf4 exf4 31. Rd5 Qd7 32. Rfd1 Kg8 33. Rxb5 Rxb5 34. Qc4+ Kh8 35. Qxb5 Qh3 36. Rd3 Qxh4 37. Bf3 fxg5 38. Qd7 g4 39. Qxg4 Qe7 40. Qc8 Nc7 41. Qb7 Qg5+ 42. Kf1 Ne8 43. Qd5 Qh4 44. Qe6 Kg7 45. a4 Nf6 46. Rxd6 Re8 47. Qc4 Ng4 48. Qc3+ Kh6 49. Bxg4 Qxg4 50. Rd3 Rxe4 51. Rh3+ Kg5 52. Qc5+ Kf6 53. Qf8+ Kg5 54. Qh6+ Kf5 55. f3 Re1+ 56. Kxe1 Qg1+ 57. Ke2 Qe3+ 58. Kd1 Qd3+ 59. Ke1 Qe3+ 60. Kf1 Qd3+ 1/2-1/2

[Event "Eastern Asia zt 3.3 (Women)"]
[Site "Ulaanbaatar"]
[Date "2025.04.26"]
[Round "5"]
[White "Nomin Erdene, Davaademberel"]
[Black "Bayasgalan, Khishigbaatar"]
[Result "0-1"]
[WhiteElo "2327"]
[BlackElo "2265"]
[PlyCount "92"]
[EventDate "2025.04.23"]
[EventType "swiss"]
[EventRounds "9"]
[EventCountry "MGL"]
[SourceTitle "CB20_2025"]
[SourceDate "2025.05.14"]
[SourceVersion "1"]
[SourceVersionDate "2025.05.14"]
[SourceQuality "1"]

1. Nf3 Nf6 2. g3 g6 3. Bg2 Bg7 4. 0-0 0-0 5. d3 d6 6. e4 c5 7. c3 Nc6 8. Re1 Rb8 9. a3 b5 10. b4 Nd7 11. d4 cxd4 12. Nxd4 Nxd4 13. cxd4 Nb6 14. Nc3 Bd7 15. Qd3 a6 16. Bf4 Rc8 17. Rac1 Nc4 18. Ne2 Qb6 19. Bg5 Rfe8 20. Rc2 h6 21. Bc1 Bg4 22. Rd1 Rc7 23. h3 Bxe2 24. Rxe2 Rec8 25. Rc2 Qb8 26. Qe2 Nb6 27. Rxc7 Qxc7 28. e5 Na4 29. exd6 Qxd6 30. Qg4 Rc4 31. Bf4 Qd8 32. Bf1 h5 33. Qf3 Rxd4 34. Rc1 Rd5 35. Rc6 e5 36. Be3 Rd6 37. Rxd6 Qxd6 38. Qa8+ Kh7 39. Bg2 Nc3 40. Kh2 h4 41. Qf3 Qd7 42. Qb7 Qd1 43. gxh4 Ne2 44. f3 Qb3 45. Bg5 Qc3 46. Qxf7 Qd4 0-1

[Event "Australasian Masters IM"]
[Site "Melbourne"]
[Date "2024.12.18"]
[Round "5"]
[White "Bayasgalan, Khishigbaatar"]
[Black "Hernandez Gallardo, Francisco Javier"]
[Result "0-1"]
[WhiteElo "2307"]
[BlackElo "2339"]
[PlyCount "110"]
[EventDate "2024.12.14"]
[EventType "tourn"]
[EventRounds "9"]
[EventCountry "AUS"]
[EventCategory "1"]
[SourceTitle "CB52_2024"]
[SourceDate "2024.12.25"]
[SourceVersion "1"]
[SourceVersionDate "2024.12.25"]
[SourceQuality "1"]

1. d4 Nf6 2. g3 g6 3. c4 Bg7 4. Bg2 0-0 5. Nf3 d6 6. Nc3 Nc6 7. 0-0 a6 8. h3 Bd7 9. Be3 Rb8 10. a4 a5 11. Qc1 Re8 12. Rd1 Nb4 13. Bh6 Bh8 14. e4 e5 15. Kh2 Qc8 16. Qd2 exd4 17. Nxd4 Bc6 18. Re1 Nd7 19. Nd5 Nc5 20. Re3 Bxa4 21. h4 Nc6 22. Nb5 Bxb5 23. cxb5 Ne5 24. Bh3 Qd8 25. Qe2 c6 26. Nc3 Ne6 27. Rd1 Qb6 28. f4 Nc4 29. Red3 Nc5 30. Rf3 cxb5 31. Nd5 Qc6 32. Bg5 Nxe4 33. Ne7+ Rxe7 34. Bxe7 Re8 35. b3 Nb2 36. Re1 Rxe7 37. Bg2 f5 38. Re3 d5 39. h5 Bd4 40. Rf3 a4 41. bxa4 bxa4 42. h6 b5 43. Rb1 Nc4 44. Rd3 Bf6 45. Qd1 Kf7 46. Rxd5 Ne3 47. Qd3 Nxd5 48. Rxb5 Ndc3 49. Ra5 Rd7 50. Qf1 Rd1 51. Ra7+ Be7 52. Qf3 Qb6 53. Rxe7+ Kxe7 54. g4 Qg1+ 55. Kh3 Rd3 0-1

[Event "Australasian Masters IM"]
[Site "Melbourne"]
[Date "2024.12.17"]
[Round "4"]
[White "Ang, Alphaeus Wei Ern"]
[Black "Bayasgalan, Khishigbaatar"]
[Result "1-0"]
[WhiteElo "2327"]
[BlackElo "2307"]
[PlyCount "79"]
[EventDate "2024.12.14"]
[EventType "tourn"]
[EventRounds "9"]
[EventCountry "AUS"]
[EventCategory "1"]
[SourceTitle "CB52_2024"]
[SourceDate "2024.12.25"]
[SourceVersion "1"]
[SourceVersionDate "2024.12.25"]
[SourceQuality "1"]

1. d4 e6 2. Nf3 Nf6 3. c4 d5 4. Nc3 c6 5. Bg5 Bb4 6. Qb3 a5 7. e3 Nbd7 8. a3 Bxc3+ 9. Qxc3 h6 10. Bh4 g5 11. Bg3 Ne4 12. Qc2 h5 13. cxd5 exd5 14. Bd3 h4 15. Bxe4 hxg3 16. Bf5 gxf2+ 17. Qxf2 Qf6 18. Bxd7+ Bxd7 19. Qg3 g4 20. Ne5 Qh4 21. Qxh4 Rxh4 22. 0-0 Be6 23. Rf4 f5 24. h3 0-0-0 25. Kf2 Rh5 26. hxg4 fxg4 27. Kg3 Kc7 28. Raf1 Re8 29. Rf6 Kb6 30. a4 Bc8 31. Rf8 Rxf8 32. Rxf8 Bf5 33. Kf4 Bc2 34. Nd7+ Kc7 35. Nf6 Rh1 36. Rf7+ Kd6 37. Ne8+ Ke6 38. Rxb7 Bxa4 39. Kg5 g3 40. Ng7+ 1-0

[Event "Sydney-ch"]
[Site "Sydney"]
[Date "2024.07.06"]
[Round "2"]
[White "Nguyen, Anh Quan"]
[Black "Bayasgalan, Khishigbaatar"]
[Result "0-1"]
[WhiteElo "1971"]
[BlackElo "2174"]
[PlyCount "84"]
[EventDate "2024.07.06"]
[EventType "swiss"]
[EventRounds "9"]
[EventCountry "AUS"]
[SourceTitle "CBM 221 Extra"]
[Source "ChessBase"]
[SourceDate "2024.09.30"]
[SourceVersion "1"]
[SourceVersionDate "2024.09.30"]
[SourceQuality "1"]

1. e4 e6 2. d4 d5 3. Nd2 dxe4 4. Nxe4 Be7 5. Nf3 Nf6 6. Nxf6+ Bxf6 7. Bd3 c5 8. dxc5 Qa5+ 9. Bd2 Qxc5 10. 0-0 Nc6 11. Re1 0-0 12. Bc3 e5 13. Nd2 Qe7 14. Ne4 Bf5 15. Qf3 Bxe4 16. Qxe4 g6 17. b4 Rfe8 18. b5 Nd4 19. Rab1 Rac8 20. Bb4 Qd7 21. a4 Bg7 22. c3 f5 23. Qh4 e4 24. Bf1 Ne6 25. Rbd1 Qf7 26. Qh3 Nf4 27. Qe3 Nd5 28. Qxa7 Nxb4 29. cxb4 Bc3 30. Re2 Bxb4 31. Rb2 Bc5 32. Qa5 b6 33. Qd2 e3 34. Qd5 exf2+ 35. Rxf2 Qxd5 36. Rxd5 Bxf2+ 37. Kxf2 Rc2+ 38. Kf3 Rc3+ 39. Kf4 h6 40. Bd3 Ra3 41. Rd4 Kg7 42. Bc2 Kf6 0-1

[Event "Sydney NSW op"]
[Site "Sydney"]
[Date "2024.06.10"]
[Round "7"]
[White "Shen, Zhiyuan"]
[Black "Bayasgalan, Khishigbaatar"]
[Result "0-1"]
[WhiteElo "1974"]
[BlackElo "2169"]
[PlyCount "114"]
[EventDate "2024.06.07"]
[EventType "tourn"]
[EventRounds "7"]
[EventCountry "AUS"]
[SourceTitle "CBM 220 Extra"]
[Source "ChessBase"]
[SourceDate "2024.07.31"]
[SourceVersion "1"]
[SourceVersionDate "2024.07.31"]
[SourceQuality "1"]

1. e4 c5 2. Nf3 e6 3. d4 cxd4 4. Nxd4 a6 5. Bd3 Qc7 6. Qe2 b5 7. 0-0 Bb7 8. f4 Bc5 9. Be3 Nf6 10. Nb3 Be7 11. N1d2 d6 12. a4 b4 13. a5 Nbd7 14. Bf2 h5 15. h3 h4 16. Nf3 Nh5 17. Qd2 d5 18. e5 Nc5 19. Nxh4 Ne4 20. Bxe4 dxe4 21. Qe3 g5 22. fxg5 Qxe5 23. Nf3 Qb5 24. Nfd4 Qxg5 25. Qxg5 Bxg5 26. Nc5 Bd5 27. Rfe1 Nf6 28. Be3 Bxe3+ 29. Rxe3 Ke7 30. Na4 Nd7 31. Rd1 Bb7 32. Rb3 Rab8 33. Rxb4 f5 34. Rc4 Rbc8 35. Rxc8 Rxc8 36. g3 Ne5 37. Kf2 Kf6 38. b3 Rh8 39. Nxe6 Rxh3 40. Nac5 Rh2+ 41. Ke3 Ng4+ 42. Kd4 e3 43. Re1 Bf3 44. Nf4 Rxc2 45. Ncd3 e2 46. b4 Rd2 47. Kc3 Rd1 48. Kd4 Ke7 49. Ng6+ Kd6 50. Ngf4 Kc6 51. Kc3 Kb7 52. Kd4 Ka7 53. Nh3 Be4 54. Nhf4 Nf2 55. Rxe2 Nxd3 56. Kc4 Nxf4 57. gxf4 Bd3+ 0-1

[Event "Ulaanbaatar President op"]
[Site "Ulaanbaatar"]
[Date "2024.01.22"]
[Round "5"]
[White "Erkhembayar, Chuluuntuul"]
[Black "Bayasgalan, Khishigbaatar"]
[Result "0-1"]
[WhiteElo "1512"]
[BlackElo "2169"]
[PlyCount "106"]
[EventDate "2024.01.20"]
[EventType "swiss"]
[EventRounds "7"]
[EventCountry "MGL"]
[SourceTitle "EXT 2025"]
[Source "ChessBase"]
[SourceDate "2024.10.14"]
[SourceVersion "1"]
[SourceVersionDate "2024.10.14"]
[SourceQuality "1"]

1. Nf3 e6 2. d4 Nf6 3. Nc3 d5 4. Bg5 Bb4 5. e3 c5 6. dxc5 Qa5 7. Bxf6 gxf6 8. Qd4 Ke7 9. Nd2 Nc6 10. Qd3 Ne5 11. Qd4 Qxc5 12. Qxc5+ Bxc5 13. Na4 Bd6 14. a3 Bd7 15. Nc3 Rhg8 16. g3 Bc6 17. Ne2 d4 18. e4 d3 19. Nd4 dxc2 20. Nxc2 Bc5 21. b4 Bb6 22. b5 Nf3+ 23. Ke2 Nxd2 24. bxc6 Nxe4 25. Bg2 f5 26. Bxe4 fxe4 27. cxb7 Rab8 28. Nb4 Rxb7 29. Rac1 Rd7 30. Rc4 f5 31. a4 Kf6 32. Nc6 Rd5 33. Rb1 Rg7 34. Nb4 Rd6 35. Nc6 Rgd7 36. Rb2 Rd5 37. Ra2 Rc7 38. Rac2 Rcd7 39. Ra2 Ba5 40. Nxa5 Rxa5 41. f3 exf3+ 42. Kxf3 Rd3+ 43. Ke2 Rb3 44. Kf2 Rb6 45. Kf3 h5 46. Ra3 Rb2 47. Rh4 Kg5 48. Rc3 Rd5 49. h3 e5 50. Rhc4 e4+ 51. Ke3 Rg2 52. Rc7 Rxg3+ 53. Kf2 Rd2+ 0-1

[Event "Ulaanbaatar President op"]
[Site "Ulaanbaatar"]
[Date "2024.01.20"]
[Round "1"]
[White "Zorigoo, Naranzaya"]
[Black "Bayasgalan, Khishigbaatar"]
[Result "0-1"]
[WhiteElo "1124"]
[BlackElo "2169"]
[PlyCount "50"]
[EventDate "2024.01.20"]
[EventType "swiss"]
[EventRounds "7"]
[EventCountry "MGL"]
[SourceTitle "EXT 2025"]
[Source "ChessBase"]
[SourceDate "2024.10.14"]
[SourceVersion "1"]
[SourceVersionDate "2024.10.14"]
[SourceQuality "1"]

1. e4 c5 2. Nf3 e6 3. d4 cxd4 4. Nxd4 a6 5. Nc3 Qc7 6. Bd3 Nf6 7. f4 d6 8. Qe2 Nbd7 9. Nb3 b5 10. a3 Bb7 11. Be3 Be7 12. 0-0 h5 13. Kh1 h4 14. Rae1 Nc5 15. Bd2 h3 16. g3 0-0-0 17. Kg1 d5 18. exd5 Nxd5 19. Nxd5 Bxd5 20. Ba5 Qa7 21. Rf2 Bxb3 22. Bxd8 Rxd8 23. Kf1 Bd5 24. Qe3 Bf6 25. Rd2 Bd4 0-1